| 000 | 00828nam a2200265 a 4500 | ||
|---|---|---|---|
| 001 | BRL_1867 | ||
| 005 | 20190320211414.0 | ||
| 008 | 110815s1965----mx-#######---#000-0#spa-# | ||
| 041 | _aspa | ||
| 044 | _amx | ||
| 050 | 4 |
_aHD108 _b.K55 1965 |
|
| 100 | 1 |
_aKlingebiel, A.A. _928078 |
|
| 245 | 1 | 0 |
_aClasificación por capacidad de uso de las tierras _cA.A. Klingebiel y P. H. Montgomery : tradujo F.J. Valencia. |
| 250 | _a3a ed. | ||
| 260 |
_aMéxico _bCentro Regional de Ayuda Técnica : Agencia para el Desarrollo Internacional _c1965 |
||
| 300 |
_a32 p. _c23 cm. |
||
| 500 | _aAu852 | ||
| 650 | 1 | 4 |
_aUso de la tierra _xClasificación _928079 |
| 650 | 1 | 4 |
_aAgricultura _928080 |
| 650 | 1 | 4 |
_aSuelos _917478 |
| 700 | 1 |
_aMontgomery, P.H. _928081 |
|
| 700 | 1 |
_aValencia, F.J. _etr. _928082 |
|
| 902 | _aGRL | ||
| 942 |
_2lcc _cB |
||
| 999 |
_c10675 _d10675 |
||